| 000 | 00349nam a22001337a 4500 | ||
|---|---|---|---|
| 008 | 180912b xxu||||| |||| 00| 0 eng d | ||
| 020 | _a 9780465043330 | ||
| 041 | _aeng | ||
| 080 | _a721 | ||
| 100 | _a41 | ||
| 101 | _aNDR | ||
| 245 |
_aDrawing The Map Of Life Inside The Inside The Human Genome Project _cMcelheny.V.K |
||
| 942 |
_2udc _cBK |
||
| 999 |
_c47697 _d47697 |
||